Videojuegos por Emojis - Estadísticas

Estadísticas generales
  • Esta prueba ha sido intentada 353 veces
  • La puntuación promedio es 8 de 15
Estadísticas de respuestas
Emojis Videojuego % Correcto
⚽🏃‍♂️🏆 FIFA
90%
🚗💵🔫 Grand Theft Auto
86%
🌱🆚🧟‍♂️ Plantas Vs. Zombies
86%
⛏️🧱🏹 Minecraft
81%
👨🍄🐢 Super Mario Bros
76%
👨‍👩‍👦‍👦🏠💼 Los Sims
71%
🦔💨💍 Sonic
64%
🐻🍕👨‍✈️ Five Nights at Freddy's
47%
🤠🌅🐎 Red Dead Redemption 2
42%
👨‍🚀🔪🚀 Among Us
36%
🤡🃏😵 Balatro
35%
🔦🏠👻 Phasmophobia
31%
🔫🌂👑 Fortnite
29%
🌃🤖🔋 Cyberpunk 2077
10%
🔫💣👮‍♂️ Counter-Strike
8%
No se encontraron pruebas coincidentes
Distribución de puntuación
Porcentaje de gente con cada puntuación
Porcentaje por número respondido
Historial de tus puntuaciones
No has intentado esta prueba.